The archeology of world religions
Gardado en:
| Autor Principal: | |
|---|---|
| Formato: | Libro |
| Idioma: | inglés |
| Publicado: |
Princeton
Princeton University
1952
|
| Subjects: | |
| Tags: |
Engadir etiqueta
Sen Etiquetas, Sexa o primeiro en etiquetar este rexistro!
|
MARC
| LEADER | 00000nam a2200000 a 4500 | ||
|---|---|---|---|
| 001 | UCV8442 | ||
| 003 | CL-VaPUC | ||
| 008 | 910712e19520000US |||||||||||||||||eng|d | ||
| 082 | 0 | 4 | |a 291.09 |b FIN |2 21 |
| 100 | 0 | |a Finegan, Jack |e author |9 302491 | |
| 245 | 1 | 4 | |a The archeology of world religions |
| 300 | |a 3 v | ||
| 942 | |c BK | ||
| 945 | |d 19910712 00:00:00 | ||
| 260 | |a Princeton |b Princeton University |c 1952 | ||
| 500 | |a v.1: Primitivism - Zoroastrianism - hinduism - jainism | ||
| 500 | |a v.2: Buddhism - confucianism - taoismo | ||
| 500 | |a v.3: Shinto - islam - sikhism | ||
| 650 | 7 | |a RELIGIONES Y CIVILIZACION |2 CL-VaPUC |9 266643 | |
| 650 | 0 | |a Arqueología |9 265619 | |
| 650 | 0 | |a Antigüedades |9 266390 | |
| 650 | 7 | |a TEMPLOS |2 CL-VaPUC |9 266644 | |
| 583 | |a last modification |c 20120522 08:56:28 |k Rodrigo Vera | ||
| 999 | |c 213955 |d 213953 | ||
| 952 | |0 0 |1 0 |4 0 |6 291_090000000000000_FIN_1952 |7 0 |8 P |9 196880 |a BIBARQ |b BIBARQ |d 2019-11-14 |h v.1 |i 264651K |o 291.09 FIN 1952 |p 264651K |r 2025-01-20 |w 2019-11-14 |y BK |k ARQ | ||
| 952 | |0 0 |1 0 |4 0 |6 291_090000000000000_FIN_1952 |7 0 |8 P |9 196881 |a BIBARQ |b BIBARQ |d 2019-11-14 |h v.2 |i 2646528 |o 291.09 FIN 1952 |p 2646528 |r 2025-01-20 |w 2019-11-14 |y BK |k ARQ | ||
| 952 | |0 0 |1 0 |4 0 |6 291_090000000000000_FIN_1952 |7 0 |8 P |9 196882 |a BIBARQ |b BIBARQ |d 2019-11-14 |h v.3 |i 2646536 |o 291.09 FIN 1952 |p 2646536 |r 2025-01-20 |w 2019-11-14 |y BK |k ARQ | ||